[Event "7th LCT 2013"]
[Site "Leiden NED"]
[Date "2013.07.12"]
[Round "1.1"]
[White "Asefi, Zaheeruddeen"]
[Black "Howell, David W L"]
[Result "0-1"]
[WhiteTitle "FM"]
[BlackTitle "GM"]
[WhiteElo "2078"]
[BlackElo "2639"]
[WhiteFideId "11700025"]
[BlackFideId "410608"]
[EventDate "2013.07.12"]

1. d4 Nf6 2. Nf3 g6 3. c4 Bg7 4. Nc3 d5 5. e3 O-O 6. b3 c5 7. Bb2 Nc6 8. Be2
dxc4 9. Bxc4 cxd4 10. exd4 Bg4 11. Be2 Qa5 12. h3 Bf5 13. O-O Rfd8 14. Bc4 Ne4
15. Ne2 Nd6 16. Bc3 Qc7 17. Bd3 Be4 18. Ng5 Bxd3 19. Qxd3 Nf5 20. Rfd1 Ncxd4 21.
Nxd4 Nxd4 22. Rac1 Qf4 23. Bd2 Qf6 24. Ne4 Qf5 25. Rc5 Ne6 26. Rxf5 Rxd3 27. Rf3
Rd4 28. Re3 Rad8 29. Kf1 f5 30. Nc3 Rxd2 0-1

[Event "7th LCT 2013"]
[Site "Leiden NED"]
[Date "2013.07.12"]
[Round "1.2"]
[White "Sethuraman, S.P."]
[Black "Klop, Tjomme"]
[Result "1-0"]
[WhiteTitle "GM"]
[WhiteElo "2562"]
[BlackElo "2069"]
[WhiteFideId "5021596"]
[BlackFideId "1027115"]
[EventDate "2013.07.12"]

1. e4 e5 2. Nf3 Nc6 3. Bb5 a6 4. Ba4 Nf6 5. O-O Be7 6. d3 b5 7. Bb3 d6 8. a4 b4
9. Nbd2 O-O 10. a5 Bg4 11. h3 Bh5 12. c3 Rb8 13. Bc4 Qc8 14. Re1 bxc3 15. bxc3
Na7 16. Nf1 Nb5 17. Bd2 c6 18. Ng3 Bxf3 19. Qxf3 Ne8 20. Nf5 Bf6 21. g4 Qd8 22.
Be3 Bg5 23. Bb6 Qf6 24. Kg2 g6 25. h4 Bxh4 26. Nxh4 Qxh4 27. Rh1 Qg5 28. Rxh7
Nf6 29. Rah1 Qxg4+ 30. Qxg4 Nxg4 31. Bxf7+ Rxf7 32. Rh8+ Kg7 33. R1h7+ 1-0

[Event "7th LCT 2013"]
[Site "Leiden NED"]
[Date "2013.07.12"]
[Round "1.3"]
[White "Van Halderen, Herman"]
[Black "Van Den Doel, Erik"]
[Result "0-1"]
[BlackTitle "GM"]
[WhiteElo "2071"]
[BlackElo "2582"]
[WhiteFideId "1026682"]
[BlackFideId "1003720"]
[EventDate "2013.07.12"]

1. d4 Nf6 2. c4 g6 3. Nc3 Bg7 4. e4 d6 5. Be2 O-O 6. Nf3 Bg4 7. O-O Nfd7 8. Be3
c5 9. d5 Na6 10. Nd2 Bxe2 11. Qxe2 Nc7 12. Nb3 a6 13. a4 Rb8 14. f4 f5 15. g4
fxe4 16. Nxe4 b5 17. axb5 axb5 18. Na5 bxc4 19. Nc6 Rxb2 20. Qxb2 Bxb2 21. Nxd8
Rxd8 22. Ra2 c3 23. Bc1 Bxc1 24. Rxc1 Nxd5 25. Nxc3 Nxf4 26. Ra7 g5 27. Rb1 Kf7
28. Kf2 Nf6 29. Kf3 Ng6 30. h3 d5 31. Rc7 d4 32. Nd1 c4 33. Rb5 Nd5 34. Rcc5 c3
35. Ke4 Nf6+ 36. Kd3 Nf4+ 37. Kc2 d3+ 38. Kxc3 Ne4+ 39. Kb2 Nxc5 40. Rxc5 Nxh3
41. Kc3 d2 42. Kc2 Rd4 43. Ne3 d1=Q+ 44. Nxd1 Rxg4 0-1

[Event "7th LCT 2013"]
[Site "Leiden NED"]
[Date "2013.07.12"]
[Round "1.5"]
[White "Noordkamp, Wouter"]
[Black "Sengupta, Deep"]
[Result "0-1"]
[BlackTitle "GM"]
[WhiteElo "2066"]
[BlackElo "2555"]
[WhiteFideId "1014862"]
[BlackFideId "5008352"]
[EventDate "2013.07.12"]

1. e4 e6 2. d4 d5 3. Nd2 Nf6 4. e5 Nfd7 5. Bd3 c5 6. c3 Nc6 7. Ne2 a5 8. O-O a4
9. f4 cxd4 10. cxd4 a3 11. b3 Qb6 12. Nf3 Nb4 13. Bb1 Nb8 14. Be3 N8c6 15. Qd2
g6 16. Rc1 Bd7 17. Bf2 Be7 18. Bh4 Bxh4 19. Nxh4 O-O-O 20. Nf3 Kb8 21. Ne1 Rc8
22. Rc5 Rc7 23. Kf1 Nxd4 24. Rxc7 Bb5 25. Rc4 Nxe2 26. Qxb4 Ng3+ 27. hxg3 Bxc4+
28. Bd3 Qxb4 0-1

[Event "7th LCT 2013"]
[Site "Leiden NED"]
[Date "2013.07.12"]
[Round "1.6"]
[White "Prohaszka, Peter2"]
[Black "Serdijn, Adinda"]
[Result "1-0"]
[WhiteTitle "GM"]
[WhiteElo "2554"]
[BlackElo "2048"]
[WhiteFideId "726265"]
[BlackFideId "1002740"]
[EventDate "2013.07.12"]

1. d4 d5 2. Nf3 Nf6 3. c4 dxc4 4. g3 e6 5. Bg2 c5 6. O-O Nc6 7. Ne5 Nxe5 8. dxe5
Qxd1 9. Rxd1 Nd7 10. f4 Be7 11. Na3 Nb6 12. Nb5 O-O 13. a4 a5 14. Be3 Rb8 15.
Bd2 Ra8 16. Be1 f6 17. exf6 Bxf6 18. Bc3 Bxc3 19. bxc3 Rb8 20. Rd6 Nd5 21. e4
Ne7 22. Na3 e5 23. f5 Nc6 24. Nxc4 Rf6 25. Rxf6 gxf6 26. Nb6 Kf7 27. Rd1 Ke7 28.
Bf1 Ke8 29. Bc4 Ne7 30. g4 h6 31. Rd6 Nc6 32. Rxf6 Kd8 33. Rxh6 Kc7 34. Nd5+ Kd7
35. g5 1-0

[Event "7th LCT 2013"]
[Site "Leiden NED"]
[Date "2013.07.12"]
[Round "1.7"]
[White "Van Zetten, Maarten"]
[Black "Iljin, Artem"]
[Result "0-1"]
[BlackTitle "GM"]
[WhiteElo "2044"]
[BlackElo "2540"]
[WhiteFideId "1006568"]
[BlackFideId "4156021"]
[EventDate "2013.07.12"]

1. d4 Nf6 2. Nf3 e6 3. c4 b6 4. g3 Ba6 5. b3 Bb4+ 6. Bd2 Be7 7. Bg2 c6 8. O-O d5
9. cxd5 cxd5 10. Nc3 Nc6 11. a4 O-O 12. Rc1 Rc8 13. Nb5 Ne4 14. e3 f6 15. Re1
Qd7 16. Bf1 Nb4 17. Nc3 Nd3 18. Bxd3 Bxd3 19. Na2 Ba3 20. Rxc8 Rxc8 21. Bc1 Bc2
22. Qe2 Be7 23. a5 Bxb3 24. axb6 axb6 25. Qa6 Bc4 0-1

[Event "7th LCT 2013"]
[Site "Leiden NED"]
[Date "2013.07.12"]
[Round "1.10"]
[White "Zhou, Yang-Fan"]
[Black "De Coverly, Roger D"]
[Result "1-0"]
[WhiteTitle "IM"]
[WhiteElo "2469"]
[BlackElo "2036"]
[WhiteFideId "468584"]
[BlackFideId "405213"]
[EventDate "2013.07.12"]

1. e4 e5 2. Nf3 Nc6 3. d4 exd4 4. Nxd4 Nf6 5. Nxc6 bxc6 6. e5 Nd5 7. c4 Nb6 8.
Bd3 Bb4+ 9. Bd2 Qe7 10. O-O O-O 11. Re1 c5 12. Nc3 Bxc3 13. Bxc3 Bb7 14. Qh5 g6
15. Qh6 Na4 16. Bd2 f5 17. b3 Nb6 18. Bg5 Qe6 19. Re3 Rf7 20. Bf6 d6 21. Rg3
Rxf6 22. exf6 Qxf6 23. Re1 Nd7 24. Rge3 Ne5 25. f4 Nd7 26. h3 Rf8 27. Re7 Rf7
28. Rxd7 1-0

[Event "7th LCT 2013"]
[Site "Leiden NED"]
[Date "2013.07.12"]
[Round "1.11"]
[White "Ratsma, Midas"]
[Black "Bernal Moro, Luis Javier"]
[Result "0-1"]
[BlackTitle "IM"]
[WhiteElo "2036"]
[BlackElo "2423"]
[WhiteFideId "1032283"]
[BlackFideId "2200236"]
[EventDate "2013.07.12"]

1. d4 Nf6 2. c4 g6 3. g3 Bg7 4. Nc3 O-O 5. Bg2 d6 6. Nf3 Nc6 7. O-O a6 8. Be3
Rb8 9. b3 e6 10. Rc1 Bd7 11. d5 Ne7 12. dxe6 fxe6 13. Qc2 Nf5 14. Bf4 h6 15. e4
e5 16. Bxe5 dxe5 17. exf5 Bxf5 18. Qd2 Ne4 19. Qd5+ Qxd5 20. Nxd5 Nc5 21. Nxc7
Bd3 22. Rfe1 e4 23. Nh4 Bd4 24. Nxg6 Bxf2+ 25. Kh1 Bxe1 26. Rxe1 Rf7 27. Nd5 a5
28. Ne5 Rf2 29. Ng4 Rxa2 30. Nxh6+ Kh7 31. Ng4 Rf8 32. Kg1 Kg7 33. Nf4 Rb2 34.
Nf2 Rxb3 35. Bxe4 Bxe4 36. Nxe4 Re8 37. Nh5+ Kg6 38. Nhf6 Re6 39. Kg2 Rb2+ 40.
Kh3 Nxe4 41. Nxe4 a4 42. Kg4 Rc2 0-1

[Event "7th LCT 2013"]
[Site "Leiden NED"]
[Date "2013.07.12"]
[Round "1.12"]
[White "Hendriks, Willy"]
[Black "Tinga, Tjerk"]
[Result "1-0"]
[WhiteTitle "IM"]
[WhiteElo "2417"]
[BlackElo "2026"]
[WhiteFideId "1000713"]
[BlackFideId "1042718"]
[EventDate "2013.07.12"]

1. e4 e5 2. Bc4 Nc6 3. d3 Nf6 4. Nf3 Bc5 5. c3 a6 6. Nbd2 d6 7. Bb3 O-O 8. h3
Ne7 9. Nf1 Ba7 10. Ng3 Ng6 11. O-O b5 12. d4 c5 13. a4 Bd7 14. axb5 axb5 15. Bg5
c4 16. Bc2 h6 17. Bxf6 Qxf6 18. Ra6 Qe7 19. Qa1 Bc8 20. Nf5 Qc7 21. Ra5 Bxf5 22.
exf5 Ne7 23. f6 gxf6 24. Rxb5 Kg7 25. Qc1 Rab8 26. Rxb8 Rxb8 27. Qa1 Rb7 28. Rb1
f5 29. Qa3 e4 30. Nh4 Bb8 31. g3 Kf6 32. b4 cxb3 33. Rxb3 Nc6 34. Rxb7 Qxb7 35.
Qc1 Ne7 36. Qxh6+ Ng6 37. Nxg6 fxg6 38. Qf8+ 1-0

[Event "7th LCT 2013"]
[Site "Leiden NED"]
[Date "2013.07.12"]
[Round "1.14"]
[White "Wantola, Ivo"]
[Black "Blankert, Willem"]
[Result "1-0"]
[WhiteTitle "FM"]
[WhiteElo "2374"]
[BlackElo "2010"]
[WhiteFideId "1016067"]
[BlackFideId "1015850"]
[EventDate "2013.07.12"]

1. Nf3 e6 2. c4 f5 3. g3 Nf6 4. Bg2 d5 5. O-O Bd6 6. Nc3 O-O 7. d3 Nc6 8. Nb5
Bd7 9. cxd5 Nxd5 10. e4 Nf6 11. exf5 exf5 12. Nxd6 cxd6 13. Qb3+ Kh8 14. Bf4 Ne8
15. Ng5 Ne5 16. Bxe5 Qxg5 17. Bf4 Qd8 18. Qxb7 Rb8 19. Qxa7 Rxb2 20. Rab1 Rxb1
21. Rxb1 Be6 22. a4 Qf6 23. a5 g5 24. Be3 Qg6 25. Qe7 Kg8 26. Qxg5 1-0

[Event "7th LCT 2013"]
[Site "Leiden NED"]
[Date "2013.07.12"]
[Round "1.18"]
[White "Molinaroli, Martin"]
[Black "Braggaar, Pim"]
[Result "1-0"]
[WhiteElo "2298"]
[BlackElo "1987"]
[WhiteFideId "4606604"]
[BlackFideId "1032321"]
[EventDate "2013.07.12"]

1. b3 d5 2. Bb2 Nf6 3. e3 c6 4. Nf3 Bg4 5. h3 Bh5 6. g4 Bg6 7. Ne5 Nbd7 8. Nxg6
hxg6 9. Bg2 e6 10. d3 Qc7 11. Nd2 O-O-O 12. Qe2 Kb8 13. O-O-O Nb6 14. Kb1 Ne8
15. f4 Be7 16. Nf3 f6 17. c4 Qd7 18. a3 Nc7 19. Rhe1 Rhe8 20. Qc2 Bf8 21. g5 Qf7
22. h4 Nd7 23. Bh3 Bd6 24. Rf1 Rh8 25. Ka2 Qf8 26. Qg2 f5 27. Qc2 Rg8 28. Rf2
Bc5 29. d4 Bd6 30. c5 Be7 31. Bf1 Rc8 32. b4 Bd8 33. a4 Na8 34. Qb3 Rc7 35. Ba3
Be7 36. Rb1 Kc8 37. b5 b6 38. bxc6 Rxc6 39. Ba6+ Kd8 40. Bb7 Rc8 41. Bxc8 Kxc8
42. Rc2 Kd8 43. Ne5 Nxe5 44. dxe5 Ke8 45. cxb6 Nxb6 46. Qb5+ Kf7 47. Rc7 Nc8 48.
Qd7 Qe8 49. Bxe7 Nxe7 50. Rbb7 Qxd7 51. Rxd7 Re8 52. Rxa7 Kf8 53. Rxe7 Rxe7 54.
Rxe7 Kxe7 55. Ka3 Kd7 56. Kb4 1-0

[Event "7th LCT 2013"]
[Site "Leiden NED"]
[Date "2013.07.12"]
[Round "1.19"]
[White "Kolodkin, Daniil"]
[Black "Heemskerk, Wim"]
[Result "0-1"]
[BlackTitle "FM"]
[WhiteElo "1979"]
[BlackElo "2239"]
[WhiteFideId "1039776"]
[BlackFideId "1001000"]
[EventDate "2013.07.12"]

1. e4 e6 2. d4 d5 3. Nc3 Nf6 4. e5 Nfd7 5. f4 c5 6. Nf3 Nc6 7. Be3 Be7 8. Qd2
O-O 9. O-O-O c4 10. f5 b5 11. f6 gxf6 12. Bh6 fxe5 13. Bxf8 Bxf8 14. dxe5 Qa5
15. Qg5+ Bg7 16. Nxd5 exd5 17. Rxd5 Qxa2 18. Rd6 Qa1+ 19. Kd2 Qa5+ 20. c3 Qc7
21. Rd5 Bb7 22. Rxb5 Ndxe5 23. Be2 Rd8+ 24. Kc1 Nd3+ 25. Bxd3 cxd3 26. Nd4 Nxd4
27. Rxb7 Ne2+ 28. Kd1 Qd6 29. Rf1 Rf8 30. Rxa7 Qb6 31. Rd7 Qxb2 32. Rf2 Nxc3+
33. Ke1 Qb1+ 0-1

[Event "7th LCT 2013"]
[Site "Leiden NED"]
[Date "2013.07.12"]
[Round "1.22"]
[White "Van Helvoort, Rob"]
[Black "Scherpenisse, Kees"]
[Result "1/2-1/2"]
[WhiteElo "2180"]
[BlackElo "1954"]
[WhiteFideId "1005596"]
[BlackFideId "1012010"]
[EventDate "2013.07.12"]

1. e4 Nf6 2. e5 Nd5 3. d4 d6 4. c4 Nb6 5. exd6 cxd6 6. Nc3 g6 7. Be3 Bg7 8. Rc1
O-O 9. b3 Nc6 10. d5 Ne5 11. Be2 f5 12. f4 Ng4 13. Bd4 e5 14. dxe6 Bxe6 15. Nf3
h6 16. O-O d5 17. c5 Nd7 18. b4 Ngf6 19. Re1 Bf7 20. Bb5 a6 21. Bxd7 Qxd7 22.
Ne5 Qd8 23. Na4 Ne4 24. Nb6 Bxe5 25. Bxe5 Qh4 26. Nxa8 Qf2+ 27. Kh1 Rxa8 28. Re2
Qh4 29. Kg1 g5 30. Ba1 Kh7 31. Rxe4 fxe4 32. g3 Qh5 33. Qd4 Rg8 34. fxg5 Qxg5
35. Rf1 Bh5 36. Bb2 Bf3 1/2-1/2

[Event "7th LCT 2013"]
[Site "Leiden NED"]
[Date "2013.07.12"]
[Round "1.23"]
[White "Sparreboom, Wil"]
[Black "Van Der Velden, Bram"]
[Result "1/2-1/2"]
[WhiteElo "1954"]
[BlackElo "2177"]
[WhiteFideId "1003836"]
[BlackFideId "1015753"]
[EventDate "2013.07.12"]

1. d4 Nf6 2. c4 d6 3. Nf3 Nbd7 4. Qa4 g6 5. e3 Bg7 6. g3 O-O 7. Bg2 c6 8. Nc3
Nb6 9. Qb3 Be6 10. Nd2 Qd7 11. e4 Bh3 12. O-O Bxg2 13. Kxg2 Qc7 14. Nf3 e5 15.
dxe5 dxe5 16. Be3 Rfe8 17. c5 Nbd7 18. h3 Nf8 19. Rfd1 Ne6 20. Qc4 h6 1/2-1/2

[Event "7th LCT 2013"]
[Site "Leiden NED"]
[Date "2013.07.12"]
[Round "1.25"]
[White "Orlova, Yelizaveta"]
[Black "Vistisen, Lars"]
[Result "0-1"]
[WhiteTitle "WC"]
[WhiteElo "1942"]
[BlackElo "2177"]
[WhiteFideId "2601826"]
[BlackFideId "1404598"]
[EventDate "2013.07.12"]

1. b3 Nf6 2. Bb2 d5 3. f4 Bf5 4. Nf3 Nbd7 5. e3 e6 6. Be2 Bd6 7. O-O Qe7 8. c4
c5 9. Ne5 h5 10. cxd5 Bxe5 11. fxe5 Ng4 12. dxe6 fxe6 13. Bxg4 hxg4 14. g3 Qg5
15. Rf4 Qh5 16. Qe2 Bd3 17. Qg2 O-O-O 18. Na3 Nxe5 19. Bxe5 Qxe5 20. Rd1 Rhf8
21. Rxg4 Qh5 22. h3 Bf5 23. Rc1 Bxg4 24. hxg4 Qxg4 25. Rxc5+ Kb8 0-1

[Event "7th LCT 2013"]
[Site "Leiden NED"]
[Date "2013.07.12"]
[Round "1.26"]
[White "Van der Marel, Bert"]
[Black "De Bruijne, Arian"]
[Result "1-0"]
[WhiteElo "2176"]
[BlackElo "1941"]
[WhiteFideId "1005855"]
[BlackFideId "1039946"]
[EventDate "2013.07.12"]

1. Nc3 c5 2. Nf3 Nf6 3. e4 d6 4. g3 Nc6 5. Bg2 g6 6. d4 cxd4 7. Nxd4 Bg7 8. Nxc6
bxc6 9. e5 Nd5 10. Nxd5 cxd5 11. Qxd5 Rb8 12. exd6 e6 13. Qc5 Qb6 14. Be3 Qxc5
15. Bxc5 Kd7 16. O-O Ba6 17. Rfd1 Rxb2 18. c4 Rc8 19. Ba3 Rbb8 20. Rab1 Bxc4 21.
Bb7 Rd8 22. Rdc1 Bd5 23. Bxd5 exd5 24. Rc7+ Ke8 25. d7+ 1-0

[Event "7th LCT 2013"]
[Site "Leiden NED"]
[Date "2013.07.12"]
[Round "1.27"]
[White "Van Der Zon, Stef"]
[Black "Blom, Vincent"]
[Result "0-1"]
[WhiteElo "1870"]
[BlackElo "2167"]
[WhiteFideId "1021451"]
[BlackFideId "1014358"]
[EventDate "2013.07.12"]

1. e4 c5 2. Nf3 d6 3. d4 cxd4 4. Nxd4 Nf6 5. Nc3 a6 6. Bg5 Nbd7 7. f4 Qc7 8. Qf3
h6 9. Bh4 g5 10. fxg5 hxg5 11. Bxg5 Qc5 12. Nf5 e6 13. Bxf6 Nxf6 14. Nxd6+ Bxd6
15. Qxf6 Bg3+ 16. Kd2 Be5 17. Qf3 b5 18. a3 Bb7 19. Bd3 O-O-O 20. Qxf7 Bxc3+ 21.
bxc3 Qg5+ 22. Ke2 Rhf8 23. Qxe6+ Kb8 24. Qh3 Qe7 25. Qe3 Rg8 26. g3 Qg7 27. a4
Qxc3 28. axb5 Rge8 29. bxa6 Bxe4 30. a7+ Kc7 31. Qf4+ Rd6 32. a8=Q Bxa8+ 33. Kf2
Qc5+ 34. Kf1 Bxh1 35. Qf7+ Kd8 36. Ra6 0-1

[Event "7th LCT 2013"]
[Site "Leiden NED"]
[Date "2013.07.12"]
[Round "1.28"]
[White "Partenheimer, Axel"]
[Black "Lecomte, Robin"]
[Result "1/2-1/2"]
[WhiteElo "2157"]
[BlackElo "1930"]
[WhiteFideId "4646703"]
[BlackFideId "1037170"]
[EventDate "2013.07.12"]

1. Nf3 Nf6 2. c4 c6 3. Nc3 d5 4. cxd5 Nxd5 5. g3 g6 6. Bg2 Bg7 7. d4 O-O 8. O-O
Nxc3 9. bxc3 Nd7 10. e3 Qa5 11. Bd2 Rd8 12. Re1 Qc7 13. Rc1 e5 14. Qc2 exd4 15.
exd4 Nf6 16. Bf4 Qa5 17. Qb3 Nd5 18. Bd2 Qb6 19. c4 Qxb3 20. axb3 Nc7 21. Ba5 b6
22. Bc3 Ne6 23. Ne5 Bxe5 24. Rxe5 Bb7 25. Rd1 Rd6 26. Re2 Rad8 27. Red2 a5 28.
h4 Ba6 29. Bxc6 Rxc6 30. d5 Rcd6 31. dxe6 Rxd2 32. Rxd2 Rxd2 33. exf7+ Kxf7 34.
Bxd2 a4 35. bxa4 Bxc4 36. Be3 Bb3 37. Bxb6 Bxa4 38. Kf1 h5 39. Ke2 Ke6 40. Ke3
Kf5 1/2-1/2

[Event "7th LCT 2013"]
[Site "Leiden NED"]
[Date "2013.07.12"]
[Round "1.30"]
[White "Van Der Raaf, Erik"]
[Black "Koes, Richard"]
[Result "1-0"]
[WhiteElo "2140"]
[BlackElo "1919"]
[WhiteFideId "1004115"]
[BlackFideId "1020528"]
[EventDate "2013.07.12"]

1. e4 e5 2. Nf3 Nc6 3. d4 exd4 4. Nxd4 Nf6 5. Nxc6 bxc6 6. e5 Qe7 7. Qe2 Nd5 8.
c4 Ba6 9. b3 Qh4 10. a3 Bc5 11. Ra2 Bxf2+ 12. Qxf2 Qe4+ 13. Be2 Qxb1 14. O-O O-O
15. Rb2 Qe4 16. cxd5 Bxe2 17. Rxe2 Qxd5 18. Qg3 Kh8 19. Bb2 Qe6 20. Re4 Rab8 21.
b4 a5 22. Rg4 Rg8 23. Rgf4 axb4 24. axb4 c5 25. Rxf7 Rxb4 26. Bc3 Rb1 27. Qf2
Rxf1+ 28. Qxf1 h6 29. h3 Qb3 30. Qf3 Qe6 31. Kh1 c4 32. Bb4 Rb8 33. Re7 Qg6 34.
Bc3 d6 35. e6 Qb1+ 36. Kh2 Rg8 37. Rxg7 1-0

[Event "7th LCT 2013"]
[Site "Leiden NED"]
[Date "2013.07.12"]
[Round "1.31"]
[White "Den Hartog, Marijn"]
[Black "Overeem, Marc"]
[Result "0-1"]
[BlackTitle "FM"]
[WhiteElo "1916"]
[BlackElo "2139"]
[WhiteFideId "1046098"]
[BlackFideId "1004972"]
[EventDate "2013.07.12"]

1. e4 Nc6 2. f4 d5 3. e5 Bf5 4. Nf3 e6 5. Bb5 Ne7 6. Nd4 a6 7. Nxf5 Nxf5 8.
Bxc6+ bxc6 9. O-O Bc5+ 10. Kh1 h5 11. c3 h4 12. d4 Bb6 13. Rf3 c5 14. Be3 Qd7
15. Na3 g6 16. Bf2 c4 17. Rh3 Rh5 18. Qe1 Qe7 19. Nc2 c5 20. dxc5 Bxc5 21. Nd4
Bxd4 22. cxd4 Kf8 23. Qa5 Kg7 24. Qc5 Qb7 25. Qa3 a5 26. g4 hxg3 27. Rxh5 gxh5
28. Bxg3 Qb4 29. Qxb4 axb4 30. Be1 b3 31. a3 Nxd4 32. Bc3 Nf5 33. Kg2 d4 34. Bb4
Ne3+ 35. Kf3 Nd5 36. Bc5 c3 37. Bxd4 c2 38. Rg1+ Kh7 39. Ke2 Ra4 40. Kd3 Nxf4+
41. Ke3 Rxd4 42. Kxd4 Ne2+ 0-1

[Event "7th LCT 2013"]
[Site "Leiden NED"]
[Date "2013.07.12"]
[Round "1.32"]
[White "Chevannes, Sabrina L"]
[Black "Wiersma, Eelke"]
[Result "1/2-1/2"]
[WhiteTitle "WFM"]
[BlackTitle "IM"]
[WhiteElo "2136"]
[BlackElo "2374"]
[WhiteFideId "411280"]
[BlackFideId "1002864"]
[EventDate "2013.07.12"]

1. d4 Nf6 2. Nf3 g6 3. Nc3 d5 4. Bf4 Bg7 5. e3 Nh5 6. Bg5 h6 7. Bh4 g5 8. Ne5
Nf6 9. Bg3 Bf5 10. Bd3 Bxd3 11. Qxd3 c6 12. h3 Nbd7 13. h4 Nh5 14. Bh2 e6 15. g4
Nhf6 16. Bg3 Qa5 17. Nxd7 Kxd7 18. f3 Rag8 1/2-1/2

[Event "7th LCT 2013"]
[Site "Leiden NED"]
[Date "2013.07.13"]
[Round "2.1"]
[White "Howell, David W L"]
[Black "Wantola, Ivo"]
[Result "1-0"]
[WhiteTitle "GM"]
[BlackTitle "FM"]
[WhiteElo "2639"]
[BlackElo "2374"]
[WhiteFideId "410608"]
[BlackFideId "1016067"]
[EventDate "2013.07.12"]

1. e4 c5 2. c3 g6 3. d4 cxd4 4. cxd4 d5 5. e5 Nc6 6. Nc3 f6 7. exf6 exf6 8. g3
Nge7 9. Bg2 Bg7 10. Nge2 Be6 11. Nf4 Bf7 12. O-O O-O 13. Re1 Qd7 14. h4 Rfe8 15.
b3 Nf5 16. Rxe8+ Rxe8 17. Bh3 g5 18. Qd3 Re1+ 19. Kh2 gxf4 20. Bxf5 Qe8 21.
Bxh7+ Kh8 22. Bf5 Bh6 23. Bb2 Rxa1 24. Bxa1 Qe1 25. Nd1 fxg3+ 26. fxg3 Bh5 27.
g4 Qxh4+ 28. Qh3 Bf4+ 29. Kg2 Qxh3+ 30. Kxh3 Bf7 31. Bc8 b6 32. Kg2 Kg7 33. Kf3
Bc1 34. Bc3 a5 35. Ne3 b5 36. Bb7 b4 37. Nf5+ Kf8 38. Be1 Ne7 39. Bg3 Nxf5 40.
gxf5 Bh5+ 41. Kf2 Bg4 42. Bc8 Bb2 43. Ke3 Bc1+ 44. Kf2 Bb2 45. Ke3 Bc1+ 46. Kd3
Bf3 47. Bc7 Be4+ 48. Ke2 Bb2 49. Bxa5 Bxd4 50. Bxb4+ Kg7 51. Bd2 Bb1 52. Be6
Bxa2 53. Kd3 Ba1 54. Kc2 d4 55. Bc4 Kf8 56. Bc1 Ke8 57. Bb2 1-0

[Event "7th LCT 2013"]
[Site "Leiden NED"]
[Date "2013.07.13"]
[Round "2.5"]
[White "Sengupta, Deep"]
[Black "Molinaroli, Martin"]
[Result "1-0"]
[WhiteTitle "GM"]
[WhiteElo "2555"]
[BlackElo "2298"]
[WhiteFideId "5008352"]
[BlackFideId "4606604"]
[EventDate "2013.07.12"]

1. e4 b6 2. d4 e6 3. Nf3 Bb7 4. Bd3 Nf6 5. Qe2 c5 6. c3 cxd4 7. cxd4 d6 8. O-O
Be7 9. Nc3 O-O 10. Rd1 Nbd7 11. Bg5 Re8 12. Rac1 a6 13. Bb1 Qb8 14. a3 Ra7 15.
Bh4 Ba8 16. Re1 Nf8 17. e5 dxe5 18. Bg3 Ng6 19. Nxe5 Nxe5 20. dxe5 Nd5 21. Ne4
b5 22. Nf6+ Nxf6 23. exf6 Qb7 24. f3 Bxf6 25. Bf2 Qb8 26. Bxa7 Qxa7+ 27. Kh1 g6
28. Red1 Kg7 29. b4 h5 30. Be4 h4 31. Bxa8 Rxa8 32. Rc6 h3 33. gxh3 a5 34. bxa5
Qxa5 35. Rd7 Ra7 36. Rxa7 Qxa7 37. Qd3 Qf2 38. Rc2 Qe1+ 39. Kg2 b4 40. Re2 Qa1
41. axb4 Bd4 42. Re1 Qxe1 43. Qxd4+ e5 44. Qb2 Qe3 45. b5 Qg5+ 46. Kf1 Qe3 47.
Qe2 Qc1+ 48. Kf2 Qc5+ 49. Kg2 Qd4 50. h4 f5 51. Qf2 Qb4 52. Qa7+ Kf6 53. Qb6+
Kf7 54. Qc7+ Kf6 55. Qd8+ Ke6 56. Qg5 Qxb5 57. Qxg6+ Kd5 58. Qf7+ Kd4 59. Qxf5
Qe2+ 60. Kg3 Qe1+ 61. Kg4 Qg1+ 62. Kh5 Qxh2 63. Qg4+ Kd5 64. Kg6 Qc2+ 65. Qe4+ 1-0

[Event "7th LCT 2013"]
[Site "Leiden NED"]
[Date "2013.07.13"]
[Round "2.6"]
[White "Padurariu, Ioana-Smaranda"]
[Black "Prohaszka, Peter2"]
[Result "0-1"]
[WhiteTitle "WIM"]
[BlackTitle "GM"]
[WhiteElo "2208"]
[BlackElo "2554"]
[WhiteFideId "1210947"]
[BlackFideId "726265"]
[EventDate "2013.07.12"]

1. e4 c6 2. d4 d5 3. e5 Bf5 4. Nc3 e6 5. g4 Bg6 6. Nge2 f6 7. h4 fxe5 8. dxe5
Nd7 9. f4 Be7 10. g5 Bc5 11. Ng3 Ne7 12. Bh3 Nf5 13. Nxf5 Bxf5 14. Bxf5 exf5 15.
Qd3 O-O 16. Kf1 Qe7 17. Bd2 a6 18. h5 Ba7 19. h6 Nc5 20. Qe2 g6 21. Kg2 Rad8 22.
Rad1 d4 23. Qc4+ Ne6 24. Ne2 Qf7 25. Qb3 Rd7 26. Rhe1 Rfd8 27. Ng1 c5 28. Qf3 c4
29. Nh3 Qe7 30. Nf2 Rd5 31. b3 Qc5 32. bxc4 Qxc4 33. Qb3 Qc6 34. Kg3 d3 35. c4
Bxf2+ 36. Kxf2 Rd4 37. c5 Kf8 38. Kg3 Nxf4 39. Bxf4 Rxf4 40. Kxf4 Qg2 41. Ke3
f4+ 42. Kxf4 Qf2+ 0-1

[Event "7th LCT 2013"]
[Site "Leiden NED"]
[Date "2013.07.13"]
[Round "2.7"]
[White "Iljin, Artem"]
[Black "Wilschut, Peter"]
[Result "1-0"]
[WhiteTitle "GM"]
[WhiteElo "2540"]
[BlackElo "2232"]
[WhiteFideId "4156021"]
[BlackFideId "1007165"]
[EventDate "2013.07.12"]

1. Nf3 Nf6 2. c4 c6 3. Nc3 d5 4. e3 a6 5. d4 g6 6. Qb3 Bg7 7. Bd2 O-O 8. a4 b6
9. Be2 Be6 10. Ne5 Ne4 11. Nxe4 dxe4 12. Bc3 Qc7 13. f4 f6 14. Ng4 Nd7 15. Qc2
f5 16. Nf2 Nf6 17. O-O h6 18. b3 g5 19. fxg5 hxg5 20. g4 Qd7 21. gxf5 Bxf5 22.
Nh1 Bh3 23. Rf2 Qe6 24. Ng3 Bh6 25. Rd1 Rad8 26. Rd2 a5 27. Bf1 Bg4 28. Bg2 Rf7
29. Nxe4 Nxe4 30. Qxe4 Qxe4 31. Bxe4 Bd7 32. Rxf7 Kxf7 33. c5 g4 34. Kf2 Kg8 1-0

[Event "7th LCT 2013"]
[Site "Leiden NED"]
[Date "2013.07.13"]
[Round "2.8"]
[White "Vistisen, Lars"]
[Black "Zaragatski, Ilja"]
[Result "0-1"]
[BlackTitle "IM"]
[WhiteElo "2177"]
[BlackElo "2494"]
[WhiteFideId "1404598"]
[BlackFideId "4655192"]
[EventDate "2013.07.12"]

1. e4 g6 2. d4 Bg7 3. Nf3 c5 4. c3 cxd4 5. Bc4 d3 6. Qxd3 Nc6 7. O-O Nf6 8. e5
Ng4 9. Bf4 Bxe5 10. Bxf7+ Kxf7 11. Bxe5 Ngxe5 12. Qd5+ Kf6 13. Nxe5 Nxe5 14. f4
Nc6 15. f5 g5 16. Nd2 Kg7 17. Ne4 Rf8 18. Nxg5 d6 19. Rae1 Qb6+ 20. Kh1 Qc5 21.
Qe4 Rxf5 22. Ne6+ Bxe6 23. Qxe6 Raf8 24. Qe2 Rxf1+ 25. Rxf1 Rxf1+ 0-1